[Event "IECC O-4167"]
[Site "IECC email"]
[Date "2016.01.12"]
[Round "?"]
[White "Jacob, Sheeju Urbanus"]
[Black "Kellaway, Ted"]
[Result "1-0"]
[WhiteElo "1107"]
[BlackElo "1081"]
[PlyCount "87"]
[EventDate "2016.??.??"]
[EventType "swiss (corr)"]
[EventRounds "2"]
[SourceTitle "Corr 2020"]
[Source "ChessBase"]
[SourceDate "2019.09.30"]
[SourceVersion "1"]
[SourceVersionDate "2019.09.30"]
[SourceQuality "1"]
[WhiteTeam "India"]
[BlackTeam "South Africa"]
[WhiteTeamCountry "IND"]
[BlackTeamCountry "RSA"]

1. e4 e5 2. Nf3 Nc6 3. d4 d6 4. d5 Nce7 5. Bd3 Bg4 6. h3 Bxf3 7. Qxf3 f6 8. b4 g6 9. Bc4 a6 10. b5 f5 11. g4 fxe4 12. Qxe4 Nf6 13. Qf3 Bg7 14. g5 e4 15. Qb3 Qd7 16. Nc3 0-0 17. gxf6 Rxf6 18. Nxe4 Rf5 19. c3 Re5 20. Bd3 Nxd5 21. f4 Rh5 22. Bd2 c6 23. 0-0-0 axb5 24. Nf2 Bf6 25. Ne4 Kh8 26. Ng5 Rg8 27. Be2 Rh4 28. Bg4 Qc7 29. Be1 Rh6 30. Bg3 Re8 31. Rde1 Rxe1+ 32. Rxe1 Qa5 33. c4 Nb4 34. a3 Qa4 35. Qxb4 Qxb4 36. axb4 Bc3 37. Re7 Bf6 38. Rxb7 Bd4 39. cxb5 cxb5 40. Ne6 Be3+ 41. Kc2 Kg8 42. Rg7+ Kh8 43. Rf7 g5 44. Rf8# 1-0